| 000 | 00694nam a2200241Ia 4500 | ||
|---|---|---|---|
| 003 | OSt | ||
| 005 | 20220926043019.0 | ||
| 006 | a|||||r|||| 00| 0 | ||
| 007 | ta | ||
| 008 | 220923b |||||||| |||| 00| 0 eng d | ||
| 037 | _cGeneral Book | ||
| 040 |
_aRTL _cRTL _beng |
||
| 041 |
_2eng _aeng |
||
| 082 | _aX65n2,N1, G2/RR | ||
| 100 |
_aSiddons Gough Co. _9347124 |
||
| 245 | 0 | _aINVESTOR'S INDIA year book 1931-32 | |
| 250 | _a19 | ||
| 260 | _c1932 | ||
| 500 | _aThis Lib has 1919, 1941, 1942, 1943, 1949-51, 1954-1957, 1960-62, 1964, 1965, 1966, 1967 | ||
| 650 | _aInvestment | ||
| 942 |
_hX65n2,N1, G2/RR _cGB _2CC |
||
| 999 |
_c671235 _d671235 |
||